| Tag |
First Indicator |
Second Indicator |
Subfields |
| LEADER |
00000nam a2200000 a 4500 |
| 001 |
in00004734321 |
| 003 |
OCoLC |
| 006 |
m o d |
| 007 |
cr bn||||||abp |
| 007 |
cr bn||||||ada |
| 008 |
100411s2000 nyu obd 001 0ceng d |
| 005 |
20250816190917.0 |
| 019 |
|
|
|a 276791830
|a 519854212
|a 632098916
|a 648162855
|a 958098023
|a 958351015
|a 958448787
|a 1000427193
|a 1028728064
|a 1028728286
|a 1082196056
|a 1124386616
|a 1178944005
|
| 020 |
|
|
|a 0203801458
|q (electronic bk.)
|
| 020 |
|
|
|a 9780203801451
|q (electronic bk.)
|
| 020 |
|
|
|a 9781135963439
|
| 020 |
|
|
|a 1135963436
|
| 020 |
|
|
|a 9781135004828
|
| 020 |
|
|
|a 113500482X
|
| 020 |
|
|
|a 9781135963385
|q (e-book ;
|q Mobi)
|
| 020 |
|
|
|a 113596338X
|
| 020 |
|
|
|a 9781135963422
|q (e-book ;
|q ePub)
|
| 020 |
|
|
|a 1135963428
|
| 020 |
|
|
|z 0415920388
|q (set ;
|q alk. paper)
|
| 020 |
|
|
|z 9780415920384
|q (set ;
|q alk. paper)
|
| 020 |
|
|
|z 0415920396
|q (v. l ;
|q alk. paper)
|
| 020 |
|
|
|z 9780415920391
|q (v. l ;
|q alk. paper)
|
| 020 |
|
|
|z 041592040X
|q (v. 2 ;
|q alk. paper)
|
| 020 |
|
|
|z 9780415920407
|q (v. 2 ;
|q alk. paper)
|
| 024 |
8 |
|
|a 99994278706
|
| 035 |
|
|
|a (OCoLC)606390201
|z (OCoLC)276791830
|z (OCoLC)519854212
|z (OCoLC)632098916
|z (OCoLC)648162855
|z (OCoLC)958098023
|z (OCoLC)958351015
|z (OCoLC)958448787
|z (OCoLC)1000427193
|z (OCoLC)1028728064
|z (OCoLC)1028728286
|z (OCoLC)1082196056
|z (OCoLC)1124386616
|z (OCoLC)1178944005
|
| 040 |
|
|
|a OCLCE
|b eng
|e pn
|c OCLCE
|d OCLCQ
|d CAI
|d IDEBK
|d OCLCO
|d OCLCF
|d TYFRS
|d E7B
|d AZU
|d OCLCQ
|d OCLCO
|d OCLCQ
|d YDX
|d OCLCO
|d OCLCQ
|d OCLCA
|d INARC
|d OCLCQ
|d UKAHL
|d OCL
|d K6U
|d OCLCO
|d OCLCQ
|d OCLCO
|
| 042 |
|
|
|a dlr
|
| 050 |
|
4 |
|a Q141
|b .B5285 2000
|
| 060 |
|
4 |
|a Q 141
|b B6158 2000
|
| 082 |
0 |
4 |
|a 509.2/2
|2 21
|
| 082 |
0 |
4 |
|a B
|2 21
|
| 084 |
|
|
|a 30.01
|2 bcl
|
| 245 |
0 |
4 |
|a The biographical dictionary of women in science :
|b pioneering lives from ancient times to the mid-20th century /
|c Marilyn Ogilvie and Joy Harvey, editors.
|
| 246 |
3 |
0 |
|a Women in science
|
| 260 |
|
|
|a New York :
|b Routledge,
|c 2000.
|
| 300 |
|
|
|a 1 online resource ( 2 volumes xxxviii, 1499 pages) :
|
| 336 |
|
|
|a text
|b txt
|2 rdacontent
|
| 337 |
|
|
|a computer
|b c
|2 rdamedia
|
| 338 |
|
|
|a online resource
|b cr
|2 rdacarrier
|
| 504 |
|
|
|a Includes bibliographical references and indexes.
|
| 505 |
0 |
|
|a v. 1. A-K -- v. 2. L-Z.
|
| 538 |
|
|
|a Master and use copy. Digital master created according to Benchmark for Faithful Digital Reproductions of Monographs and Serials, Version 1. Digital Library Federation, December 2002.
|u http://purl.oclc.org/DLF/benchrepro0212
|5 MiAaHDL
|
| 583 |
1 |
|
|a digitized
|c 2010
|h HathiTrust Digital Library
|l committed to preserve
|2 pda
|5 MiAaHDL
|
| 588 |
0 |
|
|a Print version record.
|
| 650 |
|
0 |
|a Women scientists
|v Biography
|v Dictionaries.
|
| 650 |
|
0 |
|a Science.
|
| 650 |
|
0 |
|a Women.
|
| 650 |
1 |
2 |
|a Science
|
| 650 |
1 |
2 |
|a Women
|
| 650 |
|
6 |
|a Femmes scientifiques
|v Biographies
|v Dictionnaires anglais.
|
| 650 |
|
6 |
|a Sciences.
|
| 650 |
|
6 |
|a Femmes.
|
| 650 |
|
7 |
|a sciences (philosophy)
|2 aat
|
| 650 |
|
7 |
|a Women scientists.
|2 fast
|0 (OCoLC)fst01178507
|
| 650 |
1 |
7 |
|a Natuurwetenschappen.
|2 gtt
|
| 650 |
1 |
7 |
|a Wiskunde.
|2 gtt
|
| 650 |
1 |
7 |
|a Geneeskunde.
|2 gtt
|
| 650 |
1 |
7 |
|a Techniek.
|2 gtt
|
| 650 |
1 |
7 |
|a Vrouwen.
|2 gtt
|
| 655 |
|
7 |
|a Electronic books.
|2 local
|
| 700 |
1 |
|
|a Ogilvie, Marilyn Bailey.
|
| 700 |
1 |
|
|a Harvey, Joy Dorothy.
|
| 710 |
2 |
|
|a Taylor & Francis
|
| 776 |
1 |
8 |
|i Print version:
|t Biographical dictionary of women in science.
|d New York : Routledge, 2000
|w (DLC) 99017668
|w (OCoLC)40776839
|
| 856 |
4 |
0 |
|u http://proxy.library.tamu.edu/login?url=https://www.taylorfrancis.com/books/9780203801451
|z Connect to the full text of this electronic book
|t 0
|
| 945 |
|
|
|b 776020
|
| 955 |
|
|
|a YBP purchased firm e-records
|
| 980 |
|
|
|b usergen
|c 99994278706
|g 565750
|k USD
|m 715.00
|q 1
|s AcqMono Conventional
|t Purchase at vendor system
|u Vendor order reference number
|v ZYBP
|y Selectors - electronic
|z Electronic resource
|
| 999 |
f |
f |
|i 404d4ffb-6790-41a2-9967-fa421ebf9a86
|s b8cf951e-901f-454a-a53a-739664d9a0ec
|t 0
|
| 952 |
f |
f |
|a Texas A&M University
|b College Station
|c Electronic Resources
|d Available Online
|t 0
|e Q141 .B5285 2000
|h Library of Congress classification
|
| 998 |
f |
f |
|a Q141 .B5285 2000
|t 0
|l Available Online
|